AFL 2024 Multiple Choice - Statistics

General Stats
  • This quiz has been taken 191 times
    119 since last reset
  • The average score is 16 of 25
Answer Stats
Question Answer % Correct
Who won the Brownlow Medal? Patrick Cripps
98%
Who won the Premiership? Brisbane
95%
Who won the AFL Rising Star in 2024? Ollie Dempsey
91%
Which person became the 6th player in VFL/AFL history to play 400 games? Scott Pendlebury
88%
Tasmania decided on which nickname for their team? Devils
86%
Who won the Norm Smith Medal? Will Ashcroft
81%
Gold Coast beat Essendon with a goal after the siren. Who kicked the winning goal? Mac Andrew
79%
Who received the Wooden Spoon? Richmond
74%
Who took over the position of AFL CEO ahead of the 2024 Season? Andrew Dillon
72%
Who took Mark of the Year? Bobby Hill
72%
Which club made the Finals after starting the season 0-5? Hawthorn
70%
Who won the Coleman Medal? Jesse Hogan
65%
Who won the ANZAC Day Match at the MCG? Draw
60%
What was the new addition to the AFL Fixture in 2024? Opening Round
60%
The 2024 AFL Grand Final featured 2 non-Victorian clubs. Which year was last to also feature 2 non-Victorian clubs? 2006
58%
Who kicked Goal of the Year? Harley Reid
58%
The 2024 Season broke the attendance record with 7,756,268 fans attending. What year held the previous record? 2023
56%
Which Premiership Coach parted ways with his club after 10 years at the helm? Adam Simpson
56%
Which stadium completed redevelopments allowing for the biggest crowd at the venue since 1981? GMHBA Stadium
56%
The Easter Monday Game between Hawthorn and Geelong was delayed by what at the 3 Quarter Time Break? Lightning in the area
53%
Which game in Round 24 was delayed by 36 minutes due to the Lightning Protocols? Melbourne vs Collingwood
51%
Which player recorded his 10,000th career hit-out in 2024? Todd Goldstein
47%
Gold Coast snapped a losing streak of 14 games dating back to 2011 against which club? Port Adelaide
30%
Which club had the greatest improvement to Membership numbers in 2024? Carlton
16%
Which player was the only person to NOT kick 7 goals in a game in 2024? Jesse Hogan
9%
No matching quizzes found
Score Distribution
Percent of People with Each Score
Percentile by Number Answered
Your Score History
You have not taken this quiz since the last reset